| 000 | 02446nam a2200589 i 4500 | ||
|---|---|---|---|
| 001 | 4263 | ||
| 003 | KOSZ 005 | ||
| 005 | 20200721112018.0 | ||
| 008 | 970903s1990 pl a f f |001 0 pol | ||
| 015 | _aPB 1990/5768 | ||
| 020 | _a8320410754 | ||
| 035 | _a(OCoLC)69514084 | ||
| 040 |
_aWA N _cWA N _dKOSZ 005/HR |
||
| 046 | _k1990 | ||
| 080 | _a664 | ||
| 080 | _a620.9 | ||
| 080 | _a628.1 | ||
| 080 | _a628.3 | ||
| 080 | _a(075.8) | ||
| 100 | 1 |
_aNeryng, Andrzej _eAutor |
|
| 245 | 0 | 0 |
_aEnergia i woda w przemyśle rolno-spożywczym : _bwybrane zagadnienia / _cAndrzej Neryng, Janusz Wojdalski, Janusz Budny, Eugeniusz Krasowski. |
| 250 | _aWyd. 3 zm. | ||
| 260 |
_aWarszawa : _bWydawnictwa Naukowo-Techniczne, _c1990. |
||
| 300 |
_a384 s., [1] k. tabl. : _brys., wykr. ; _c24 cm. |
||
| 336 |
_2rdacontent _aTekst _btxt |
||
| 337 |
_2rdamedia _aBez urządzenia pośreedniczącego _bn |
||
| 338 |
_2rdacarrier _aWolumin _bnc |
||
| 380 | _aKsiążki | ||
| 380 | _aPublikacje dydaktyczne | ||
| 385 |
_mPoziom nauczania _aSzkoły wyższe |
||
| 388 | _a1901-2000 | ||
| 388 | _a1989-2000 | ||
| 490 | 1 | _aPodręczniki Akademickie. Przemysł Spożywczy. | |
| 500 | _aPoprz. wyd. pod hasłem : Krasowski Eugeniusz, Neryng Andrzej, Wojdalski Janusz. | ||
| 500 | _aWyd. 1 pt. : Wybrane zagadnienia z gospodarki energetycznej i wodno-ściekowej w zakładach przemysłu spożywczego, wyd. 2 pt. : Gospodarka energetyczna wodno-ściekowa w zakładach przemysłu spożywczego. | ||
| 504 | _aBibliogr. przy rozdz. - Indeks. | ||
| 521 | _aDla studentów wydziałów technologii żywności, żywienia człowieka i techniki rolniczej akademii rolniczych oraz chemii spożywczej, wydziałów mechanicznych politechnik. | ||
| 658 | _aInżynieria i technika | ||
| 655 | 4 | _aPodręczniki akademickie | |
| 650 | 4 | _aPrzemysł rolno-spożywczy | |
| 650 | 4 | _aTechnologia żywności | |
| 650 | 4 | _aGospodarka wodna | |
| 650 | 4 | _aEnergetyka | |
| 650 | 4 | _aProdukcja żywności | |
| 700 | 1 |
_aWojdalski, Janusz _eAutor |
|
| 700 | 1 |
_aBudny, Janusz _eAutor |
|
| 710 | 2 |
_aWydawnictwa Naukowo-Techniczne _4pbl. |
|
| 700 | 1 |
_aKrasowski, Eugeniusz _d(1932- ) _eAutor |
|
| 856 |
_uhttp://koha.tu.koszalin.pl/cgi-bin/koha/opac-detail.pl?biblionumber=4263 _yKatalog online BPK |
||
| 830 | 0 |
_aPodręczniki Akademickie. _pPrzemysł Spożywczy |
|
| 942 |
_2UKD _cKS |
||
| 999 |
_c4263 _d4263 |
||